01012 2200193 4500001002100000005001500021035002000036008004100056245006200097100002400159250000600183260003600189300001200225084001400237082000800251650001000259520053700269990001200806INLIS00000000000101020240528092751 a0010-0524000245240528 1 ind 1 aSujud Nisa Di Kaki Tahajjud - Subuh /cKartini Nainggolan aNainggolan, Kartini a1 aYogyakarta :bDiva Press,c2014 a370 hlm a813 KAR s a813 4aFiksi a Semua orang pasti punya masalah hidup. Pembeda antara pemenang dan pecundang hanya terletak pada kemampuannya untuk survive: menaklukkan semua masalah dengan tangguh hingga mampu meraih maqam kebahagiaan hakiki. Dan, salah satu pilar untuk survive adalah agama. Melalui energi Tahajjud dan Subuh, Nisa yang lemah dan penuh masalah berhasil survive! Ada sujud, dzikrullah, air mata, doa, munajat, tawakkal, sabar, dan khusyuk. Novel ini meneladankan cara bertahan yang sangat luar biasa, bersendikan kekuatan iman, agama, dan hati!  a0743987